[Event "I Festival A"]
[Site "Assisi ITA"]
[Date "2003.12.22"]
[Round "5"]
[White "Diekmann, Hans-Joachim"]
[Black "Gambardella, Piero"]
[Result "1-0"]
[WhiteElo "2151"]
[BlackElo "2008"]
[PlyCount "69"]
[EventDate "2003.12.20"]

1. c4 e6 2. Nf3 d5 3. g3 c5 4. Bg2 Nc6 5. cxd5 exd5 6. O-O Nf6 7. d4 Be7 8. Nc3
O-O 9. dxc5 Bxc5 10. Bg5 d4 11. Bxf6 Qxf6 12. Ne4 Qe7 13. Nxc5 Qxc5 14. Qd2 Bf5
15. Rfd1 Rad8 16. Qf4 d3 17. e4 Bg6 18. Bf1 d2 19. Nxd2 Qc2 20. Rac1 Qxb2 21.
Bc4 Bh5 22. Nf3 Bxf3 23. Qxf3 Ne5 24. Qb3 Nxc4 25. Qxc4 Rd2 26. Rb1 Qxa2 27.
Qxa2 Rxa2 28. Rxb7 Re2 29. Rd4 Ra2 30. Rdd7 a5 31. Ra7 g6 32. e5 a4 33. Re7 a3
34. e6 Re2 35. exf7+ 1-0

[Event "I Festival A"]
[Site "Assisi ITA"]
[Date "2003.12.22"]
[Round "5"]
[White "Farachi, Francesco"]
[Black "Rombaldoni, Axel"]
[Result "1/2-1/2"]
[WhiteElo "2094"]
[BlackElo "1894"]
[PlyCount "85"]
[EventDate "2003.12.20"]

1. e4 c5 2. Nf3 Nc6 3. d4 cxd4 4. Nxd4 Nf6 5. Nc3 d6 6. Be3 Ng4 7. Bb5 Nxe3 8.
Nxc6 Nxd1 9. Nxd8+ Kxd8 10. Rxd1 a6 11. Ba4 e6 12. O-O Be7 13. f4 Kc7 14. a3 b5
15. Bb3 Bd7 16. Rd2 Rhb8 17. Rfd1 Ra7 18. Kh1 a5 19. e5 d5 20. f5 b4 21. axb4
Bxb4 22. Rd3 a4 23. Ba2 Bc6 24. fxe6 fxe6 25. Rf3 Be8 26. g4 Bg6 27. h4 h5 28.
Rg3 Kd8 29. gxh5 Bxh5 30. Rf1 Ke8 31. Rg5 g6 32. Nd1 Bc5 33. c3 Bxd1 34. Rxd1
Rxb2 35. Bb1 a3 36. Rg2 a2 37. Bxg6+ Ke7 38. Rxb2 a1=Q 39. Rxa1 Rxa1+ 40. Kh2
Re1 41. Rb7+ Kd8 42. h5 Be3 43. Kg2 1/2-1/2

[Event "I Festival A"]
[Site "Assisi ITA"]
[Date "2003.12.22"]
[Round "5"]
[White "Lapenna, Antonio"]
[Black "Esposito, Luca"]
[Result "0-1"]
[WhiteElo "2072"]
[BlackElo "2202"]
[PlyCount "116"]
[EventDate "2003.12.20"]

1. e4 c5 2. Nf3 d6 3. d4 cxd4 4. Nxd4 Nf6 5. Nc3 Nc6 6. Be2 e5 7. Nb3 Be7 8.
Be3 O-O 9. O-O a5 10. a4 b6 11. f4 Bb7 12. Qd2 Nb4 13. Bf3 d5 14. exd5 Nfxd5
15. Nxd5 Bxd5 16. c3 e4 17. Bxe4 Bxe4 18. cxb4 axb4 19. Qxd8 Bxd8 20. Nd4 Bf6
21. b3 Rfe8 22. Bf2 Rec8 23. Rac1 Rc3 24. Rfe1 Bd5 25. Nb5 Rxc1 26. Rxc1 Bxb3
27. Bxb6 Bxa4 28. Nd4 Rb8 29. Ba7 Rd8 30. Bb6 Re8 31. Rb1 Be7 32. Nb3 Rc8 33.
Nd4 b3 34. Nxb3 Rb8 35. Ra1 Bxb3 36. Bc7 Rc8 37. Be5 f6 38. Bd4 Rd8 39. Bb6
Rd1+ 40. Rxd1 Bxd1 41. Kf2 Kf7 42. Ke3 f5 43. Kd2 Ba4 44. Kc3 Ke6 45. Kd4 Ba3
46. g3 Bb2+ 47. Ke3 Kd5 48. h3 Ba3 49. Bc7 Bc5+ 50. Kf3 Bd1+ 51. Kg2 Ke4 52.
Be5 g6 53. Bb2 Ba4 54. Bc3 Bc6 55. Be5 Ke3+ 56. Kh2 Kf3 57. Bf6 Bf2 58. Bh4 Be1
0-1

[Event "I Festival A"]
[Site "Assisi ITA"]
[Date "2003.12.22"]
[Round "5"]
[White "Machi', Fabio"]
[Black "Frigieri, Fabrizio"]
[Result "1-0"]
[WhiteElo "1951"]
[BlackElo "2082"]
[PlyCount "69"]
[EventDate "2003.12.20"]

1. d4 d5 2. Nf3 Nf6 3. Bf4 c5 4. c3 e6 5. e3 Be7 6. Bd3 O-O 7. O-O b6 8. Nbd2
Ba6 9. Qe2 Bxd3 10. Qxd3 Qc8 11. Ne5 Qb7 12. Ndf3 Ne4 13. Nd2 f6 14. Nef3 Nd7
15. Qc2 g5 16. Bg3 Rf7 17. Nxe4 dxe4 18. Nd2 f5 19. f4 g4 20. Nc4 Rc8 21. Qb3
Rg7 22. Ne5 Nf8 23. Rad1 Rd8 24. Rd2 cxd4 25. cxd4 Bf6 26. Rc1 Bxe5 27. fxe5
Qd5 28. Qa3 Ng6 29. Rdc2 Qb7 30. Rc6 Nf8 31. Bf4 Rgd7 32. Bh6 Ng6 33. Rxe6 Qd5
34. Rf6 Nh4 35. Rf8+ 1-0

[Event "I Festival A"]
[Site "Assisi ITA"]
[Date "2003.12.22"]
[Round "5"]
[White "Malek, Dellair"]
[Black "Bonghi, Alessandro"]
[Result "1-0"]
[WhiteElo "2130"]
[BlackElo "1830"]
[PlyCount "73"]
[EventDate "2003.12.20"]

1. e4 c5 2. Nf3 e6 3. d4 cxd4 4. Nxd4 a6 5. Be2 Qc7 6. O-O Nc6 7. Be3 Nf6 8.
Nd2 Bd6 9. g3 Be5 10. c3 d5 11. Nxc6 Qxc6 12. f4 Bc7 13. e5 Bb6 14. Bd4 Ne4 15.
Nb3 Bd7 16. Rc1 Nc5 17. Nd2 Na4 18. Qb3 O-O 19. Nf3 Bc5 20. Bd3 Rfc8 21. Qc2 g6
22. Qd2 Qb6 23. b3 Bxd4+ 24. cxd4 Nc5 25. dxc5 Rxc5 26. Qf2 Rac8 27. Rxc5 Rxc5
28. Qd4 Qc7 29. Nd2 Rc3 30. a4 Kg7 31. g4 b5 32. axb5 Bxb5 33. Bxb5 axb5 34. f5
Qa5 35. fxe6 fxe6 36. Qf2 Qc7 37. Qf8# 1-0

[Event "I Festival A"]
[Site "Assisi ITA"]
[Date "2003.12.22"]
[Round "5"]
[White "Naumkin, Igor"]
[Black "Korneev, Oleg"]
[Result "0-1"]
[WhiteElo "2401"]
[BlackElo "2559"]
[PlyCount "102"]
[EventDate "2003.12.20"]

1. d4 d5 2. c4 e6 3. Nf3 Nf6 4. Nc3 c6 5. Bg5 dxc4 6. e4 b5 7. a4 Qb6 8. Bxf6
gxf6 9. Be2 Bb7 10. O-O a6 11. d5 Nd7 12. dxe6 fxe6 13. Nd4 c5 14. Bh5+ Kd8 15.
Nxe6+ Qxe6 16. axb5 Rg8 17. bxa6 Rxa6 18. Rxa6 Qxa6 19. Bf7 Rg7 20. Bd5 Bxd5
21. Nxd5 Bd6 22. Ne3 Ne5 23. Qd5 Qc6 24. Qe6 Nd7 25. Qxc4 Nb6 26. Qc2 Be5 27.
Nf5 Rd7 28. b3 Qb5 29. g3 Rd3 30. Rc1 Nd7 31. Rb1 Rc3 32. Qa2 Qd3 33. Qa8+ Bb8
34. Qa5+ Ke8 35. Qa1 Rc2 36. Ne3 Rd2 37. Rc1 Qe2 38. Rf1 Ra2 39. Qc1 Be5 40.
Qc4 Qxc4 41. Nxc4 Bd4 42. Nd6+ Ke7 43. Nf5+ Ke6 44. b4 Ne5 45. Ng7+ Kf7 46. Nf5
Ng4 47. Nxd4 cxd4 48. Rb1 Nxf2 49. b5 d3 50. b6 Nh3+ 51. Kh1 Ng5 0-1

[Event "I Festival A"]
[Site "Assisi ITA"]
[Date "2003.12.22"]
[Round "5"]
[White "Sansonetti, Giorgio"]
[Black "Caruso, Augusto"]
[Result "0-1"]
[WhiteElo "2123"]
[BlackElo "2247"]
[PlyCount "66"]
[EventDate "2003.12.20"]

1. d4 e6 2. e4 d5 3. Nc3 Nf6 4. Bg5 Be7 5. e5 Nfd7 6. Bxe7 Qxe7 7. f4 O-O 8.
Nf3 c5 9. Qd2 a6 10. Bd3 b5 11. Qf2 f6 12. Qh4 h6 13. O-O Nc6 14. f5 cxd4 15.
Nxd5 exd5 16. e6 Nde5 17. Kh1 Ra7 18. a3 Rc7 19. b4 Qd6 20. Qh3 Nc4 21. Nh4 Nd2
22. Rfe1 Ne4 23. Re2 Qf4 24. Bxe4 dxe4 25. Ng6 Qd6 26. Nxf8 Kxf8 27. Rxe4 Ne5
28. Qh4 Rxc2 29. Rxd4 Qc6 30. Rg1 Bb7 31. Qg3 Qc7 32. h3 Rxg2 33. Rxg2 Qc1+ 0-1

[Event "I Festival A"]
[Site "Assisi ITA"]
[Date "2003.12.22"]
[Round "5"]
[White "Stein, Wolgang"]
[Black "Delizia, Costantino"]
[Result "0-1"]
[WhiteElo "1634"]
[BlackElo "2219"]
[PlyCount "58"]
[EventDate "2003.12.20"]

1. e4 e6 2. d4 d5 3. Nc3 Bb4 4. a3 Bxc3+ 5. bxc3 dxe4 6. f3 c5 7. Rb1 Nc6 8.
Bb5 Bd7 9. d5 exd5 10. Qxd5 Qe7 11. Bg5 f6 12. Be3 exf3 13. Qxf3 Nh6 14. Qh5+
Nf7 15. Kf2 Qe5 16. Qxe5+ Nfxe5 17. Bxc5 O-O-O 18. Nf3 Nxf3 19. gxf3 a6 20. Bd3
Ne5 21. Bb6 Rde8 22. Rb4 Nxd3+ 23. cxd3 Re6 24. a4 Rhe8 25. a5 Re2+ 26. Kg3 g5
27. d4 Rd2 28. c4 Ree2 29. f4 Rd3# 0-1

[Event "I Festival A"]
[Site "Assisi ITA"]
[Date "2003.12.22"]
[Round "5"]
[White "Stromboli, Carlo"]
[Black "Calandri, Fausto"]
[Result "1/2-1/2"]
[WhiteElo "1894"]
[BlackElo "2115"]
[PlyCount "34"]
[EventDate "2003.12.20"]

1. e4 e6 2. d4 d5 3. Nd2 Nf6 4. e5 Nfd7 5. f4 c5 6. c3 Nc6 7. Ngf3 Qb6 8. Nb3
cxd4 9. Nfxd4 Nxd4 10. Qxd4 Nc5 11. Be3 Nxb3 12. axb3 Qxd4 13. Bxd4 a6 14. b4
Be7 15. Bd3 O-O 16. O-O Bd7 17. Ra2 Rac8 1/2-1/2

[Event "I Festival A"]
[Site "Assisi ITA"]
[Date "2003.12.22"]
[Round "5"]
[White "Stromboli, Ettore"]
[Black "Scipioni, Gaetano"]
[Result "1-0"]
[WhiteElo "2137"]
[BlackElo "2046"]
[PlyCount "41"]
[EventDate "2003.12.20"]

1. e4 d6 2. d4 Nf6 3. Nc3 c6 4. f3 Nbd7 5. Be3 e5 6. Qd2 Be7 7. Nge2 O-O 8.
O-O-O b5 9. g4 Nb6 10. Ng3 Qc7 11. g5 Nfd7 12. Nf5 Re8 13. h4 Nc4 14. Bxc4 bxc4
15. h5 Nf8 16. g6 fxg6 17. hxg6 Nxg6 18. Qh2 Nf8 19. Nxg7 Kxg7 20. Rdg1+ Kh8
21. Qg3 1-0

[Event "I Festival A"]
[Site "Assisi ITA"]
[Date "2003.12.22"]
[Round "5"]
[White "Terbonati, Paolo"]
[Black "Bonugli, Carlo"]
[Result "1/2-1/2"]
[WhiteElo "1572"]
[BlackElo "2047"]
[PlyCount "71"]
[EventDate "2003.12.20"]

1. c4 Nf6 2. Nc3 g6 3. g3 Bg7 4. Bg2 O-O 5. d3 d6 6. e4 e5 7. Nge2 Nc6 8. O-O
Bd7 9. h3 Ne8 10. f4 f5 11. Be3 Nf6 12. Kh2 Kh8 13. Rb1 Ng8 14. b4 Qc8 15. fxe5
dxe5 16. Bc5 Rd8 17. b5 Nd4 18. Nxd4 exd4 19. Ne2 fxe4 20. Rf4 exd3 21. Qxd3
Bf5 22. Be4 Bxe4 23. Rxe4 Qf5 24. Bxd4 Nf6 25. Re3 Qxd3 26. Rxd3 Rd7 27. Nf4
Re7 28. Rbd1 Ne4 29. Bxg7+ Kxg7 30. Re3 c6 31. Rde1 Rae8 32. Nd3 Kf7 33. Rf1+
Kg7 34. Rfe1 Kf8 35. Rf3+ Kg7 36. Rfe3 1/2-1/2

[Event "I Festival A"]
[Site "Assisi ITA"]
[Date "2003.12.22"]
[Round "5"]
[White "Trombettoni, Andrea"]
[Black "Maddaloni, Giovanni"]
[Result "1-0"]
[WhiteElo "2033"]
[BlackElo "1670"]
[PlyCount "41"]
[EventDate "2003.12.20"]

1. e4 c5 2. Nf3 d6 3. d4 cxd4 4. Nxd4 Nf6 5. Nc3 Nc6 6. f3 g6 7. Nb3 Bg7 8. Be3
O-O 9. Qd2 Be6 10. O-O-O Na5 11. h4 Rc8 12. Kb1 Bc4 13. Nxa5 Qxa5 14. Bxc4 Rxc4
15. Nd5 Qd8 16. Bh6 Nxd5 17. Bxg7 Kxg7 18. exd5 Qd7 19. h5 Qf5 20. hxg6 hxg6
21. Qh6+ 1-0

[Event "I Festival A"]
[Site "Assisi ITA"]
[Date "2003.12.23"]
[Round "6"]
[White "Calandri, Fausto"]
[Black "Quimi, Marco"]
[Result "0-1"]
[WhiteElo "2115"]
[BlackElo "2248"]
[PlyCount "88"]
[EventDate "2003.12.20"]

1. e4 c5 2. Nf3 Nc6 3. d4 cxd4 4. Nxd4 g6 5. Nc3 Bg7 6. Be3 Nf6 7. Bc4 d6 8. f3
O-O 9. Qd2 Bd7 10. O-O-O Qa5 11. Bb3 Rfc8 12. h4 Ne5 13. g4 h5 14. gxh5 Nxh5
15. Nd5 Qxd2+ 16. Rxd2 Kf8 17. Nf4 Nxf4 18. Bxf4 Nc4 19. Bxc4 Rxc4 20. Be3 Rac8
21. Ne2 Ra4 22. Kb1 Ra5 23. b3 Rc6 24. Rd5 Rxa2 25. Bd4 Rca6 26. Bxg7+ Kxg7 27.
Rhd1 Bc6 28. Nc3 Ra1+ 29. Kb2 Rxd1 30. Rxd1 Ra5 31. Nd5 Bxd5 32. exd5 Rc5 33.
Re1 Kf6 34. c4 Rc8 35. Kc3 Rh8 36. Re4 Rh5 37. Kd4 Rf5 38. Ke3 Re5 39. Kf4
Rxe4+ 40. fxe4 a6 41. b4 e5+ 42. Kg4 b6 43. Kg3 Ke7 44. Kg4 a5 0-1

[Event "I Festival A"]
[Site "Assisi ITA"]
[Date "2003.12.23"]
[Round "6"]
[White "Calisi, Elia"]
[Black "Malek, Dellair"]
[Result "0-1"]
[WhiteElo "1714"]
[BlackElo "2130"]
[PlyCount "38"]
[EventDate "2003.12.20"]

1. c4 e6 2. Nc3 Nf6 3. Nf3 d5 4. d4 Be7 5. e3 O-O 6. Bd3 b6 7. O-O Bb7 8. Re1
Nbd7 9. e4 dxe4 10. Nxe4 c5 11. Qe2 cxd4 12. Neg5 Nc5 13. Bf4 h6 14. Be5 Bxf3
15. Nxf3 Nxd3 16. Qxd3 Rc8 17. b3 Ng4 18. Qxd4 Nxe5 19. Qxd8 Nxf3+ 0-1

[Event "I Festival A"]
[Site "Assisi ITA"]
[Date "2003.12.23"]
[Round "6"]
[White "Caruso, Augusto"]
[Black "Skembris, Spyridon"]
[Result "1/2-1/2"]
[WhiteElo "2247"]
[BlackElo "2439"]
[PlyCount "82"]
[EventDate "2003.12.20"]

1. Nc3 d5 2. d4 Nf6 3. Bg5 Nbd7 4. Nf3 h6 5. Bxf6 Nxf6 6. e3 c6 7. Ne5 Qb6 8.
a3 Bf5 9. Bd3 e6 10. O-O Bd6 11. f4 h5 12. Qe1 g6 13. Kh1 Rd8 14. b4 Kf8 15.
Rd1 Kg7 16. e4 dxe4 17. Bxe4 Qa6 18. Bxf5 exf5 19. Nb1 Rhe8 20. Rd3 Ne4 21. Nc3
f6 22. Nxe4 fxe4 23. Qxe4 fxe5 24. fxe5 Be7 25. e6 Rf8 26. Qe5+ Kg8 27. Rf7
Rxf7 28. exf7+ Kxf7 29. Rf3+ Ke8 30. Qe6 Rxd4 31. Qxg6+ Kd8 32. Qg8+ Kc7 33.
Qg3+ Kc8 34. Qe1 Qc4 35. Re3 Qxc2 36. Qg3 Rd1+ 37. Re1 Qc1 38. Qg8+ Kd7 39.
Qe6+ Kc7 40. Qxe7+ Kc8 41. Qf8+ Kc7 1/2-1/2

[Event "I Festival A"]
[Site "Assisi ITA"]
[Date "2003.12.23"]
[Round "6"]
[White "Delizia, Costantino"]
[Black "Bentivegna, Francesco"]
[Result "0-1"]
[WhiteElo "2219"]
[BlackElo "2176"]
[PlyCount "91"]
[EventDate "2003.12.20"]

1. e4 e5 2. Nf3 Nc6 3. Bb5 f5 4. d3 fxe4 5. dxe4 Nf6 6. O-O Bc5 7. Qe2 d6 8.
Qc4 Qe7 9. Nc3 Bd7 10. Nd5 Nxd5 11. Qxd5 h6 12. c3 Be6 13. Qd3 O-O 14. Bc4 Bxc4
15. Qxc4+ Kh7 16. Ne1 Nd8 17. Nc2 Ne6 18. Be3 Bxe3 19. Nxe3 Nf4 20. Nd5 Qe6 21.
Qxc7 Rf7 22. Nxf4 exf4 23. Qa5 f3 24. gxf3 Rxf3 25. Qd5 Qf6 26. Rad1 Re8 27.
Qxd6 Re6 28. Qd5 Re5 29. Qd4 Qf4 30. Rfe1 Rg5+ 31. Kf1 Qxh2 32. Ke2 Rxf2+ 33.
Kd3 Rxb2 34. e5 Rg3+ 35. Kc4 b5+ 36. Kc5 Rg6 37. Qe4 Qf2+ 38. Rd4 Qf8+ 39. Rd6
Qf2+ 40. Re3 Kh8 41. Rxg6 Re2 42. Rgg3 Qf8+ 43. Kd4 Rxa2 44. c4 bxc4 45. Qg6 c3
46. Qd6 0-1

[Event "I Festival A"]
[Site "Assisi ITA"]
[Date "2003.12.23"]
[Round "6"]
[White "Di Caro, Calogero"]
[Black "Scivales, Daniel"]
[Result "1-0"]
[WhiteElo "2221"]
[BlackElo "2088"]
[PlyCount "63"]
[EventDate "2003.12.20"]

1. g3 e5 2. c4 Nc6 3. Bg2 Nf6 4. Nc3 Be7 5. e4 Nd4 6. Nge2 Nxe2 7. Qxe2 c5 8.
O-O d6 9. d3 Bd7 10. a3 Qc8 11. b4 cxb4 12. axb4 a6 13. f4 b5 14. Nd5 Nxd5 15.
exd5 bxc4 16. dxc4 Bg4 17. Bf3 Bxf3 18. Rxf3 e4 19. Qxe4 f5 20. Qd3 Bf6 21.
Re3+ Kf7 22. Ra2 Rb8 23. Ba3 Re8 24. Rxe8 Kxe8 25. Re2+ Kf7 26. c5 g6 27. Re6
a5 28. bxa5 dxc5 29. Rc6 Bd4+ 30. Kg2 Qd7 31. Qc4 Qe7 32. Rc7 1-0

[Event "I Festival A"]
[Site "Assisi ITA"]
[Date "2003.12.23"]
[Round "6"]
[White "Drazic, Sinisa"]
[Black "Aleksic, Nenad"]
[Result "1/2-1/2"]
[WhiteElo "2467"]
[BlackElo "2391"]
[PlyCount "38"]
[EventDate "2003.12.20"]

1. c4 b6 2. d4 e6 3. a3 Bb7 4. Nc3 Nf6 5. Bg5 Be7 6. Qc2 c5 7. dxc5 bxc5 8. Nf3
O-O 9. e3 d6 10. Be2 Nc6 11. Bh4 a6 12. O-O Nh5 13. Bxe7 Qxe7 14. Rfd1 Nf6 15.
Rab1 Rfd8 16. h3 Rab8 17. Qa4 Qc7 18. Rbc1 Na5 19. Re1 Nc6 1/2-1/2

[Event "I Festival A"]
[Site "Assisi ITA"]
[Date "2003.12.23"]
[Round "6"]
[White "Epishin, Vladimir V."]
[Black "Meijers, Viesturs"]
[Result "1/2-1/2"]
[WhiteElo "2658"]
[BlackElo "2499"]
[PlyCount "92"]
[EventDate "2003.12.20"]

1. d4 Nf6 2. c4 e6 3. Nc3 Bb4 4. Nf3 c5 5. g3 d5 6. cxd5 Nxd5 7. Bd2 cxd4 8.
Nxd5 Bxd2+ 9. Qxd2 Qxd5 10. Qxd4 Qxd4 11. Nxd4 Bd7 12. Bg2 Nc6 13. Nxc6 Bxc6
14. Bxc6+ bxc6 15. O-O-O Rd8 16. e4 e5 17. Rhe1 Ke7 18. Re3 Rxd1+ 19. Kxd1 Rb8
20. Kc2 Rb5 21. Rd3 Rc5+ 22. Rc3 Kd6 23. b4 Rb5 24. Ra3 Rxb4 25. Rxa7 Rxe4 26.
Rxf7 Re2+ 27. Kb3 g5 28. a4 Kc5 29. Kc3 g4 30. a5 Ra2 31. Rxh7 Rxf2 32. Kd3 Kd5
33. Rd7+ Ke6 34. Rc7 Kd6 35. Rg7 Rxh2 36. Rxg4 Ra2 37. Ke4 Ra4+ 38. Kf5 Rxa5
39. Rg8 Ra3 40. Rd8+ Ke7 41. Rd1 Rxg3 42. Kxe5 Rg5+ 43. Ke4 Ke6 44. Rd8 Ke7 45.
Rd4 Rg4+ 46. Kd3 Rxd4+ 1/2-1/2

[Event "I Festival A"]
[Site "Assisi ITA"]
[Date "2003.12.23"]
[Round "6"]
[White "Esposito, Luca"]
[Black "Brancaleoni, Maurizio"]
[Result "1-0"]
[WhiteElo "2202"]
[BlackElo "2313"]
[PlyCount "71"]
[EventDate "2003.12.20"]

1. d4 d5 2. c4 e6 3. Nc3 a6 4. Nf3 dxc4 5. e4 b5 6. a4 b4 7. Nb1 Bb7 8. Qc2 Nc6
9. Qxc4 Na5 10. Qc2 c5 11. dxc5 b3 12. Qd3 Bxc5 13. Be2 Qb6 14. O-O Nf6 15.
Nfd2 O-O 16. Nc3 Rfd8 17. Qg3 Rac8 18. e5 Nd5 19. Nde4 Nxc3 20. Nxc3 Qc7 21.
Bf4 Nc6 22. Ne4 Nd4 23. Nf6+ Kh8 24. Bd3 gxf6 25. exf6 Rg8 26. Bxc7 Rxc7 27.
Qxc7 Bxg2 28. Qg3 Bd5 29. Rfc1 Nf3+ 30. Kf1 Rxg3 31. hxg3 Bf8 32. Rc8 Kg8 33.
Rac1 Bb7 34. Rb8 Nh2+ 35. Ke2 Bf3+ 36. Ke3 1-0

[Event "I Festival A"]
[Site "Assisi ITA"]
[Date "2003.12.23"]
[Round "6"]
[White "Frigieri, Fabrizio"]
[Black "Maddaloni, Giovanni"]
[Result "0-1"]
[WhiteElo "2082"]
[BlackElo "1670"]
[PlyCount "62"]
[EventDate "2003.12.20"]

1. e4 d6 2. d4 Nf6 3. Nc3 g6 4. f3 Bg7 5. Be3 O-O 6. Qd2 c6 7. O-O-O b5 8. Kb1
b4 9. Nce2 a5 10. Nc1 Ba6 11. Bxa6 Nxa6 12. g4 Nc7 13. Bh6 Nb5 14. Bxg7 Kxg7
15. h4 h5 16. e5 Nd5 17. Nge2 Qb6 18. Rdg1 Rh8 19. f4 Nbc3+ 20. Ka1 Ne4 21. Qe1
a4 22. Rh3 Rhb8 23. gxh5 b3 24. cxb3 Nb4 25. Kb1 Nxa2 26. Kxa2 axb3+ 27. Kb1
Qa6 28. Rxb3 Rxb3 29. Nxb3 Qd3+ 30. Kc1 Qxb3 31. Nc3 Nxc3 0-1

[Event "I Festival A"]
[Site "Assisi ITA"]
[Date "2003.12.23"]
[Round "6"]
[White "Gambardella, Piero"]
[Black "Terbonati, Paolo"]
[Result "1-0"]
[WhiteElo "2008"]
[BlackElo "1572"]
[PlyCount "51"]
[EventDate "2003.12.20"]

1. d4 Nf6 2. Bg5 g6 3. Bxf6 exf6 4. e3 Bg7 5. Ne2 d5 6. c4 dxc4 7. Nf4 O-O 8.
Bxc4 c6 9. Nc3 Qa5 10. O-O Nd7 11. a3 f5 12. b4 Qd8 13. Rc1 Nf6 14. d5 cxd5 15.
Nfxd5 Be6 16. Qb3 Ne4 17. Nxe4 fxe4 18. Rfd1 Qg5 19. Nc7 Bxc4 20. Qxc4 Rac8 21.
Qxe4 Bb2 22. Rc5 Rfd8 23. Rcd5 Rxd5 24. Nxd5 Rd8 25. h4 f5 26. Qe6+ 1-0

[Event "I Festival A"]
[Site "Assisi ITA"]
[Date "2003.12.23"]
[Round "6"]
[White "Korneev, Oleg"]
[Black "Lazarev, Vladimir"]
[Result "1/2-1/2"]
[WhiteElo "2559"]
[BlackElo "2526"]
[PlyCount "34"]
[EventDate "2003.12.20"]

1. e4 c5 2. Nf3 Nc6 3. d4 cxd4 4. Nxd4 Qc7 5. Nc3 e6 6. Be3 a6 7. Bd3 b5 8.
Nxc6 Qxc6 9. e5 f5 10. Be2 Bb7 11. Bf3 Qc7 12. Bxb7 Qxb7 13. O-O Rc8 14. a3 Ne7
15. Qh5+ Ng6 16. Ne2 Bc5 17. Bxc5 Rxc5 1/2-1/2

[Event "I Festival A"]
[Site "Assisi ITA"]
[Date "2003.12.23"]
[Round "6"]
[White "Lapenna, Antonio"]
[Black "Stromboli, Carlo"]
[Result "1/2-1/2"]
[WhiteElo "2072"]
[BlackElo "1894"]
[PlyCount "105"]
[EventDate "2003.12.20"]

1. e4 d5 2. exd5 Qxd5 3. Nc3 Qd6 4. Nf3 Bg4 5. Be2 Nf6 6. d4 a6 7. Be3 e6 8. h3
Bh5 9. Ne5 Bxe2 10. Qxe2 Nc6 11. Nc4 Qd7 12. O-O-O Nd5 13. Ne4 O-O-O 14. c3 h6
15. f4 Bd6 16. Ne5 Qe8 17. g3 f5 18. Nf2 Bxe5 19. fxe5 Nxe3 20. Qxe3 Qe7 21.
Nd3 g5 22. Kc2 Rd5 23. Nc5 b6 24. Nb3 Na5 25. Nxa5 Rxa5 26. Kb1 Rd8 27. h4 Rad5
28. hxg5 Qxg5 29. Qxg5 hxg5 30. Kc2 c5 31. Rh6 cxd4 32. cxd4 Rxd4 33. Rxd4 Rxd4
34. Rxe6 Kc7 35. Rg6 Re4 36. Rxg5 Rxe5 37. Kc3 Kd6 38. Kd4 Re4+ 39. Kd3 Ke5 40.
Rg8 Rd4+ 41. Kc3 Rd6 42. Re8+ Kd5 43. Kd3 Rg6 44. Re3 Rg4 45. b3 a5 46. Kd2 b5
47. Rd3+ Kc5 48. Rf3 Rd4+ 49. Kc2 Rd5 50. a3 Re5 51. Kd3 Kd6 52. Re3 Rd5+ 53.
Kc3 1/2-1/2

[Event "I Festival A"]
[Site "Assisi ITA"]
[Date "2003.12.23"]
[Round "6"]
[White "Meijers, Viesturs"]
[Black "Drazic, Sinisa"]
[Result "1-0"]
[WhiteElo "2499"]
[BlackElo "2467"]
[PlyCount "115"]
[EventDate "2003.12.20"]

1. e4 c5 2. d4 e6 3. Nf3 a6 4. c4 cxd4 5. Nxd4 Nf6 6. Bd3 Nc6 7. Nf3 Qc7 8. Nc3
Be7 9. Bg5 O-O 10. O-O d6 11. Rc1 Ne5 12. b3 h6 13. Bh4 b6 14. Bb1 Ng6 15. Bg3
Nh5 16. Nd4 Nxg3 17. hxg3 Bf6 18. Qd2 Rd8 19. Rfd1 Bd7 20. f4 Rac8 21. Qe3 Be8
22. Qf2 Qb8 23. f5 Nf8 24. g4 Qc7 25. a4 Qc5 26. Rd3 d5 27. cxd5 exd5 28. Nde2
Qa3 29. Rcd1 dxe4 30. Nxe4 Rxd3 31. Nxf6+ gxf6 32. Rxd3 Qb2 33. Qe1 Nd7 34. Rh3
Kg7 35. Bd3 Ne5 36. Bxa6 Rd8 37. Nc3 Bc6 38. Bf1 Rd2 39. Ne2 Rd8 40. Qh4 Rh8
41. Qf2 b5 42. Qd4 Qxd4+ 43. Nxd4 bxa4 44. Nxc6 Nxc6 45. bxa4 Ra8 46. Ra3 Ra5
47. Kf2 h5 48. Kg3 Kh6 49. Kf4 h4 50. Bc4 Ra7 51. Ra1 Rb7 52. Bb5 Nd4 53. Rb1
Re7 54. Rd1 Ne2+ 55. Kf3 Nc3 56. Rd7 Re5 57. Rxf7 Ne4 58. Kf4 1-0

[Event "I Festival A"]
[Site "Assisi ITA"]
[Date "2003.12.23"]
[Round "6"]
[White "Mogranzini, Roberto"]
[Black "Naumkin, Igor"]
[Result "1-0"]
[WhiteElo "2172"]
[BlackElo "2401"]
[PlyCount "69"]
[EventDate "2003.12.20"]

1. e4 e5 2. Nf3 Nc6 3. Bb5 a6 4. Ba4 Nf6 5. Qe2 b5 6. Bb3 Be7 7. O-O O-O 8. c3
d6 9. d4 Bb7 10. Rd1 Qc8 11. Nbd2 h6 12. d5 Nb8 13. Nf1 Nbd7 14. Ng3 Re8 15. h3
Bf8 16. Nh2 Nc5 17. Bc2 c6 18. dxc6 Bxc6 19. Ng4 Nxg4 20. hxg4 Ne6 21. Bb3 a5
22. Nf5 Qc7 23. a3 a4 24. Ba2 Nc5 25. f3 Rad8 26. g5 hxg5 27. Bxg5 Rd7 28. Qf2
Nb3 29. Bxb3 axb3 30. Ne3 Qb7 31. Nd5 Qa7 32. Be3 Qb7 33. Nf6+ gxf6 34. Qg3+
Kh7 35. Kf2 1-0

[Event "I Festival A"]
[Site "Assisi ITA"]
[Date "2003.12.23"]
[Round "6"]
[White "Mrdja, Milan"]
[Black "Diekmann, Hans-Joachim"]
[Result "1-0"]
[WhiteElo "2387"]
[BlackElo "2151"]
[PlyCount "69"]
[EventDate "2003.12.20"]

1. e4 c5 2. Nf3 e6 3. b3 Nc6 4. Bb2 d6 5. d4 cxd4 6. Nxd4 Nf6 7. Nc3 Be7 8. Qd2
Nxd4 9. Qxd4 O-O 10. O-O-O a6 11. e5 dxe5 12. Qxe5 Nd7 13. Qg3 Qa5 14. Ne4 f6
15. Kb1 Nc5 16. Nxc5 Qxc5 17. f4 b5 18. Bd3 Bb7 19. Rhe1 Bd5 20. Qh3 g6 21. Be4
Rf7 22. Bxd5 exd5 23. Qe6 Rd8 24. Qxa6 Rc8 25. Re2 Bd6 26. Bd4 Qc7 27. Qxb5
Bxf4 28. g3 Bh6 29. a4 Rb8 30. Re8+ Rxe8 31. Qxe8+ Kg7 32. Qe6 Qa5 33. Rf1 Qd2
34. Bxf6+ Kg8 35. Bb2 1-0

[Event "I Festival A"]
[Site "Assisi ITA"]
[Date "2003.12.23"]
[Round "6"]
[White "Panella, Fiammetta"]
[Black "Stein, Wolgang"]
[Result "0-1"]
[WhiteElo "1741"]
[BlackElo "1634"]
[PlyCount "52"]
[EventDate "2003.12.20"]

1. e4 e5 2. Nf3 f5 3. exf5 e4 4. Nd4 Nf6 5. Be2 h5 6. d3 c5 7. dxe4 cxd4 8. e5
Qa5+ 9. Nd2 Qxe5 10. Nf3 Qd5 11. Qxd4 Qxd4 12. Nxd4 a6 13. f3 Nc6 14. Nxc6 dxc6
15. g4 hxg4 16. fxg4 Bd6 17. h3 Bg3+ 18. Kf1 Bh4 19. Kg2 Ne4 20. Bf4 O-O 21.
Bf3 Nf6 22. Rad1 Bd7 23. Rd6 Rad8 24. Rhd1 Nd5 25. Bxd5+ cxd5 26. c4 Be7 0-1

[Event "I Festival A"]
[Site "Assisi ITA"]
[Date "2003.12.23"]
[Round "6"]
[White "Pizzuto, Samuele Tullio"]
[Black "Machi', Fabio"]
[Result "1-0"]
[WhiteElo "2120"]
[BlackElo "1951"]
[PlyCount "87"]
[EventDate "2003.12.20"]

1. e4 c6 2. d4 d5 3. exd5 cxd5 4. c4 Nc6 5. Be3 Nf6 6. Nc3 e6 7. a3 Be7 8. Nf3
O-O 9. Bd3 h6 10. O-O b6 11. b4 dxc4 12. Bxc4 Bb7 13. Qd3 Rc8 14. Rac1 Qc7 15.
Ba2 Qb8 16. Bb1 Rfd8 17. Rfd1 Bf8 18. Ne4 Be7 19. Ng3 Rd5 20. Ba2 Rd7 21. b5
Nd8 22. Rxc8 Bxc8 23. Ne5 Rc7 24. Bf4 Bd6 25. Bb1 g5 26. Be3 Bxe5 27. dxe5 Rd7
28. Qc2 Qxe5 29. Rc1 Bb7 30. a4 Qd5 31. f3 Qe5 32. Re1 Rc7 33. Qd3 Rd7 34. Qc2
Qc7 35. Qf2 Bd5 36. Bd4 Ne8 37. Qe3 f6 38. Qd3 f5 39. Qe3 f4 40. Qd3 Ng7 41.
Qh7+ Kf8 42. Qh8+ Ke7 43. Qxg7+ Kd6 44. Nf5+ 1-0

[Event "I Festival A"]
[Site "Assisi ITA"]
[Date "2003.12.23"]
[Round "6"]
[White "Ragonesi, Marcello"]
[Black "Bonugli, Carlo"]
[Result "1-0"]
[WhiteElo "1988"]
[BlackElo "2047"]
[PlyCount "83"]
[EventDate "2003.12.20"]

1. Nf3 Nf6 2. c4 g6 3. g3 Bg7 4. Bg2 O-O 5. O-O d6 6. Nc3 Nc6 7. d3 e5 8. Rb1
a5 9. a3 Bf5 10. Ng5 Qd7 11. b4 axb4 12. axb4 Rae8 13. b5 Nd8 14. e4 Bg4 15. f3
Be6 16. Be3 h6 17. Nxe6 Nxe6 18. Bh3 Qd8 19. Qd2 Kh7 20. Ra1 Nd7 21. Ra7 b6 22.
Nd5 f5 23. Qe2 Rf7 24. Kh1 Ref8 25. exf5 gxf5 26. f4 Ndc5 27. Bg2 Rf6 28. Ra8
Qd7 29. Nxf6+ Rxf6 30. Bc6 Qe7 31. d4 exd4 32. Bxd4 Rg6 33. Bxc5 dxc5 34. Rd1
Bd4 35. Re1 Qg7 36. Qf3 Qf6 37. Re8 Ng7 38. R8e7 Qd6 39. Rd7 Qf6 40. Bd5 Rg4
41. Qe2 h5 42. Qe8 1-0